000 00391nam a2200157Ia 4500
003 LK-CoDNM
008 010623t1925 xxu||||| |||| 00| 1 sin d
040 _aLK-CoDNM
_dLK-CoDNM
_eLK-CoDNM
041 _asin
080 _a104 C 14
245 _aඅයොඝර ජාතකය
246 _aAyoghara Jaathakaya
260 _b Sevya Sri
_aColombo
_c1925
300 _b16p, 21 cm
942 _cBK
999 _c92879
_d92879